[Event "PRO League Eastern 2017"]
[Site "chess.com INT"]
[Date "2017.01.25"]
[Round "3"]
[White "Nagy, Gabor1"]
[Black "Getz, Nicolai"]
[Result "1-0"]
[WhiteTitle "IM"]
[BlackTitle "IM"]
[WhiteElo "2433"]
[BlackElo "2420"]
[WhiteTeam "Budapest Gambit"]
[BlackTeam "Norway Gnomes"]
[WhiteFideId "737119"]
[BlackFideId "1505572"]
[EventDate "2017.01.11"]

1. e4 e5 2. Nf3 Nc6 3. Nc3 Nf6 4. Be2 d5 5. exd5 Nxd5 6. O-O Nxc3 7. bxc3 Bd6 8.
d4 O-O 9. Rb1 e4 10. Ng5 Qe7 11. f3 e3 12. Ne4 Bf4 13. g3 Bh6 14. d5 Ne5 15. f4
Ng4 16. Bf3 Bf5 17. d6 cxd6 18. Nxd6 e2 19. Bxe2 Ne3 20. Nxf5 Nxf5 21. Bf3 Rad8
22. Qe1 Qc5+ 23. Qf2 Qxf2+ 24. Kxf2 Nd6 25. Ba3 b6 26. Rfd1 Nc4 27. Bxf8 Rxf8
28. Rb4 Na5 29. Rbd4 g5 30. fxg5 Bxg5 31. Rg4 h6 32. Rd7 f5 33. Rgd4 Rc8 34. h4
Bf6 35. R4d6 Bxc3 36. Rg6+ Kf8 37. Bd5 Ke8 38. Be6 Bb4 39. Rg8+ Bf8 40. Rf7
Rxc2+ 41. Ke3 Rc3+ 42. Kd2 1-0

[Event "PRO League Eastern 2017"]
[Site "chess.com INT"]
[Date "2017.01.25"]
[Round "3"]
[White "Murali, Krishna G."]
[Black "Grover, Sahaj"]
[Result "0-1"]
[BlackTitle "GM"]
[WhiteElo "2068"]
[BlackElo "2467"]
[WhiteTeam "Amaravati Yodhas"]
[BlackTeam "Delhi Dynamite"]
[WhiteFideId "5018030"]
[BlackFideId "5021103"]
[EventDate "2017.01.11"]

1. e4 e6 2. d4 d5 3. exd5 exd5 4. Nf3 Bg4 5. Be2 Nc6 6. O-O Bd6 7. h3 Bh5 8. Re1
Nge7 9. c3 Qd7 10. Nbd2 Bg6 11. Nf1 f6 12. Nh4 Be4 13. Bg4 f5 14. Bh5+ g6 15. f3
gxh5 16. fxe4 fxe4 17. Qxh5+ Kd8 18. Bg5 Qe8 19. Qxe8+ Kxe8 20. Ne3 Kd7 21. Rf1
Raf8 22. Bh6 Rxf1+ 23. Rxf1 Ke6 24. Bg7 Rg8 25. Rf6+ Kd7 26. Nhf5 Nxf5 27. Nxf5
Ne7 28. Bh6 Nxf5 29. Rxf5 Ke6 30. Rh5 Rg3 31. Kf2 Rd3 32. Ke2 Rg3 33. Kf2 b6 34.
Be3 Rg7 35. Rh6+ Kd7 36. Rh5 c6 37. Bh6 Rf7+ 38. Ke2 b5 39. b3 a5 40. c4 bxc4
41. bxc4 dxc4 42. Rxa5 Ke6 43. Ke3 Rf1 44. Kxe4 Re1+ 45. Kf3 c3 46. Ra8 Kd5 47.
Rd8 c2 48. Bf4 Rf1+ 49. Ke2 Rxf4 0-1

[Event "PRO League Eastern 2017"]
[Site "chess.com INT"]
[Date "2017.01.25"]
[Round "3"]
[White "Murali, Krishna G."]
[Black "Bakre, Tejas"]
[Result "0-1"]
[BlackTitle "GM"]
[WhiteElo "2068"]
[BlackElo "2457"]
[WhiteTeam "Amaravati Yodhas"]
[BlackTeam "Delhi Dynamite"]
[WhiteFideId "5018030"]
[BlackFideId "5004195"]
[EventDate "2017.01.11"]

1. e4 c5 2. d4 cxd4 3. c3 Nf6 4. e5 Nd5 5. cxd4 e6 6. Nf3 d6 7. Be2 Nc6 8. O-O
Be7 9. Nc3 Nxc3 10. bxc3 dxe5 11. dxe5 Qa5 12. Bf4 O-O 13. Qd3 Rd8 14. Qc2 h6
15. Rab1 Qc7 16. Qe4 Bf8 17. Bd3 g6 18. h4 Ne7 19. h5 Qc6 20. hxg6 Nxg6 21. Qxc6
bxc6 22. Bxg6 fxg6 23. Nd4 c5 24. Nc6 Rd3 25. Rfc1 Bd7 26. Nb8 Ba4 27. Be3 g5
28. Rb7 Bg7 29. Bxc5 Bxe5 30. Bxa7 Bxc3 31. Rc7 Bb2 32. Rc8+ Kg7 33. R1c7+ Kg6
34. g4 h5 35. Rg8+ Kh6 36. Be3 Rxe3 37. fxe3 hxg4 38. Re7 g3 39. Kg2 Bc2 40.
Rxe6+ Kh5 41. Kxg3 Bc3 42. Rc6 Be5+ 43. Kh3 Bf5+ 44. Kg2 Be4+ 45. Kf2 Bxb8 46.
Rh8+ Kg4 47. Rc4 Rxa2+ 48. Kf1 Kf3 49. Rf8+ Bf4 50. Rc1 Rh2 51. Ke1 Kxe3 52.
Rc3+ Kd4 53. Rcc8 Bd2+ 54. Kd1 Ke3 55. Rf1 Bb4 56. Rg1 Rd2+ 57. Ke1 Rg2+ 0-1

[Event "PRO League Eastern 2017"]
[Site "chess.com INT"]
[Date "2017.01.25"]
[Round "3"]
[White "Tadic, Branko"]
[Black "Makoto, Rodwell"]
[Result "1-0"]
[WhiteTitle "GM"]
[BlackTitle "IM"]
[WhiteElo "2472"]
[BlackElo "2403"]
[WhiteTeam "Belgrade Sparrows"]
[BlackTeam "Johannesburg Koeksisters"]
[WhiteFideId "916412"]
[BlackFideId "11000120"]
[EventDate "2017.01.11"]

1. Nf3 Nf6 2. c4 e6 3. g3 d5 4. d4 Be7 5. Bg2 O-O 6. Qc2 dxc4 7. Nbd2 c5 8. dxc5
Bxc5 9. Qxc4 Qb6 10. O-O Bd7 11. Nb3 Be7 12. Be3 Qb4 13. Qxb4 Bxb4 14. Ne5 Bc6
15. Nxc6 Nxc6 16. Bxc6 bxc6 17. Rac1 Rfc8 18. Rc4 Nd5 19. Rfc1 a5 20. Rxc6 Rxc6
21. Rxc6 a4 22. Nd4 Nxe3 23. fxe3 g6 24. Kf2 Be7 25. Rb6 h5 26. Nc6 Bd6 27. Kf3
Kg7 28. Nd4 Be5 29. Ke4 Kf6 30. Nf3 Ra5 31. Rb7 Bd6 32. Nd2 Re5+ 33. Kd3 Rd5+
34. Kc2 h4 35. Ne4+ Kg7 36. gxh4 Bxh2 37. Ng5 Rc5+ 38. Kb1 Bc7 39. b4 axb3 40.
axb3 Rc6 41. b4 Kf6 42. Ka2 Ke5 43. b5 Rc5 44. b6 Ra5+ 45. Kb3 Bd6 46. Nxf7+ Kd5
47. Rd7 Rb5+ 48. Kc3 Rxb6 49. e4+ Kc5 50. Rxd6 Rxd6 51. Nxd6 Kxd6 52. Kd4 e5+
53. Kc4 1-0

[Event "PRO League Eastern 2017"]
[Site "chess.com INT"]
[Date "2017.01.25"]
[Round "3"]
[White "Pavasovic, Dusko"]
[Black "Sunilduth Lyna, Narayanan"]
[Result "1-0"]
[WhiteTitle "GM"]
[BlackTitle "GM"]
[WhiteElo "2548"]
[BlackElo "2541"]
[WhiteTeam "Ljubljana Direwolves"]
[BlackTeam "Odisha Express"]
[WhiteFideId "14600986"]
[BlackFideId "5058422"]
[EventDate "2017.01.11"]

1. e4 c5 2. c3 d5 3. exd5 Nf6 4. d4 cxd4 5. Bb5+ Bd7 6. Bc4 b5 7. Bb3 dxc3 8.
Nxc3 g6 9. Nf3 Bg7 10. Ne5 O-O 11. O-O b4 12. Ne2 Ne4 13. Qd4 Nd6 14. Bf4 Bb5
15. Rfe1 g5 16. Bxg5 f6 17. Nc6 fxg5 18. Nxd8 Bxd4 19. Nxd4 Rxd8 20. Nxb5 Nxb5
21. d6+ e6 22. Bxe6+ Kf8 23. Bd5 Nd7 24. Bxa8 Rxa8 25. Rad1 Rd8 26. Rd5 a6 27.
Rf5+ Kg7 28. Rxg5+ Kf6 29. Rh5 Nf8 30. Rh4 a5 31. Rh5 Nxd6 32. Rxa5 Ne6 33. g3
Nc4 34. Ra6 Rd6 35. Rxd6 Nxd6 36. Kg2 Nd4 37. Rd1 Ke5 38. Rc1 Kd5 39. Rc7 Nc4
40. b3 Nd6 41. Rxh7 N6b5 42. h4 Nc3 43. Ra7 Nc6 44. Ra8 Ne5 45. h5 Nf7 46. g4
Ke5 47. Kg3 Ne4+ 48. Kh4 Nxf2 49. g5 Nd6 50. h6 Nf5+ 51. Kh5 Nd3 52. Ra5+ Kf4
53. h7 1-0

[Event "PRO League Eastern 2017"]
[Site "chess.com INT"]
[Date "2017.01.25"]
[Round "3"]
[White "Pavasovic, Dusko"]
[Black "Sidhant, Mohapatra"]
[Result "1-0"]
[WhiteTitle "GM"]
[WhiteElo "2548"]
[BlackElo "2267"]
[WhiteTeam "Ljubljana Direwolves"]
[BlackTeam "Odisha Express"]
[WhiteFideId "14600986"]
[BlackFideId "5028698"]
[EventDate "2017.01.11"]

1. e4 c5 2. c3 Nf6 3. e5 Nd5 4. Nf3 d6 5. d4 cxd4 6. cxd4 e6 7. Bc4 Nb6 8. Bb3
dxe5 9. Nxe5 Nc6 10. Nxc6 bxc6 11. O-O Be7 12. Nc3 O-O 13. Bf4 Nd5 14. Be5 Bf6
15. Ne4 Bxe5 16. dxe5 Qh4 17. Re1 f5 18. exf6 Nxf6 19. g3 Qh6 20. Qc1 Qg6 21.
Qxc6 Bd7 22. Nxf6+ Qxf6 23. Bxe6+ Bxe6 24. Qxe6+ Qxe6 25. Rxe6 Rab8 26. b3 Rbc8
27. Rae1 h6 28. R1e2 Kh7 29. Re7 a5 30. Ra7 Rc5 31. Ree7 Rg5 32. h4 Rg6 33. Rxa5
Rc8 34. Rae5 Rc2 35. Re2 Rc1+ 36. Kg2 Ra6 37. Rb7 Ra1 38. a4 Rd6 39. Ree7 Rg6
40. h5 Rg5 41. f4 Ra2+ 42. Kf3 Rxh5 43. Rxg7+ Kh8 44. Rgd7 1-0

[Event "PRO League Eastern 2017"]
[Site "chess.com INT"]
[Date "2017.01.25"]
[Round "3"]
[White "Arsovic, Goran"]
[Black "Pon, Matt"]
[Result "1-0"]
[WhiteTitle "IM"]
[BlackTitle "FM"]
[WhiteElo "2401"]
[BlackElo "2165"]
[WhiteTeam "Belgrade Sparrows"]
[BlackTeam "Johannesburg Koeksisters"]
[WhiteFideId "901792"]
[BlackFideId "14301644"]
[EventDate "2017.01.11"]

1. d4 e6 2. c4 Nf6 3. Nf3 c5 4. d5 exd5 5. cxd5 d6 6. Nc3 g6 7. Bf4 Bg7 8. Qa4+
Bd7 9. Qb3 Qc7 10. e3 a6 11. a4 O-O 12. Nd2 Nh5 13. Bg5 Re8 14. Be2 b6 15. O-O
Nf6 16. Nc4 Ne4 17. Bf4 Bxc3 18. bxc3 b5 19. axb5 Bxb5 20. Rfd1 g5 21. Nxd6 gxf4
22. Bxb5 Nxd6 23. Bxe8 Nxe8 24. d6 Qc6 25. Qc4 Nd7 26. Qxf4 Nef6 27. f3 Re8 28.
e4 Kg7 29. c4 Ne5 30. Qg5+ Ng6 31. Rd2 Re5 32. Qg3 Nd7 33. f4 Rxe4 34. f5 Rd4
35. fxg6 hxg6 36. Rad1 Rxc4 37. Qd3 Rd4 38. Qc3 Qxd6 39. Rxd4 cxd4 40. Qxd4+
Qxd4+ 41. Rxd4 Nc5 42. Rc4 Nb3 43. Ra4 Nc5 44. Ra5 Ne4 45. Rxa6 g5 46. h3 f6 47.
Kf1 Kg6 48. Ke2 Kf5 49. Ke3 Nc3 50. Ra5+ Kg6 51. Rc5 Na4 52. Rc6 Kf5 53. Kd2 Nb2
54. Kc2 Na4 55. Kb3 1-0

[Event "PRO League Eastern 2017"]
[Site "chess.com INT"]
[Date "2017.01.25"]
[Round "3"]
[White "Arsovic, Goran"]
[Black "Makoto, Rodwell"]
[Result "1-0"]
[WhiteTitle "IM"]
[BlackTitle "IM"]
[WhiteElo "2401"]
[BlackElo "2403"]
[WhiteTeam "Belgrade Sparrows"]
[BlackTeam "Johannesburg Koeksisters"]
[WhiteFideId "901792"]
[BlackFideId "11000120"]
[EventDate "2017.01.11"]

1. d4 Nf6 2. Nf3 e6 3. c4 d5 4. Nc3 Bb4 5. Qa4+ Nc6 6. e3 O-O 7. Bd2 a6 8. Qc2
h6 9. Bd3 dxc4 10. Bxc4 Bd6 11. O-O e5 12. h3 b5 13. Be2 Bb7 14. a3 Re8 15. d5
Ne7 16. e4 Ng6 17. Rfe1 Rc8 18. Bf1 c6 19. dxc6 Bxc6 20. Rad1 Qe7 21. Qb3 Bc5
22. Be3 Bxe3 23. Rxe3 Qb7 24. Rde1 Red8 25. g3 Nd7 26. h4 h5 27. Bh3 Nc5 28. Qc2
Rc7 29. Ng5 Rd4 30. Qe2 Nf8 31. b4 Nb3 32. Qxh5 Nd2 33. Nf3 Nc4 34. R3e2 Rd3 35.
Nd5 Bxd5 36. exd5 Qxd5 37. Nxe5 Rd1 38. Bg2 Rxe1+ 39. Rxe1 Qd2 40. Rd1 Qc2 41.
Rd8 Nxe5 42. Qxe5 Rc8 43. Rxc8 Qxc8 44. Bd5 Qd7 45. h5 Nh7 46. Qb8+ Nf8 47. Qe5
Nh7 48. Be4 Nf8 49. Kg2 Ne6 50. Bd5 Nc7 51. Be4 Ne6 52. Qd5 Qe7 53. Qa8+ Nf8 54.
Bf3 Qd6 55. Qc6 Qxc6 56. Bxc6 Ne6 57. Bb7 Nc7 58. Kf3 Kf8 59. Ke4 Ke7 60. Bd5
Ne8 61. Ke5 Nd6 62. g4 f6+ 63. Kd4 Ne8 64. Kc5 Nc7 65. Bb7 Kd7 66. Kb6 Kd6 67.
Bxa6 Nd5+ 68. Kxb5 Nc3+ 69. Kb6 Ne4 70. a4 Nxf2 71. Bb7 Nxg4 72. a5 Ne5 73. a6
Nd7+ 74. Ka5 Kc7 75. Be4 Kb8 76. Bf5 Ne5 77. b5 Nc4+ 78. Kb4 Nd6 79. Be6 Ka7 80.
Kc5 Ne4+ 81. Kc6 Ng5 82. Bc4 Nf7 83. b6+ 1-0

[Event "PRO League Eastern 2017"]
[Site "chess.com INT"]
[Date "2017.01.25"]
[Round "3"]
[White "Oberholzer, Francois"]
[Black "Simonovic, Miroslav"]
[Result "0-1"]
[WhiteTitle "FM"]
[BlackTitle "CM"]
[WhiteElo "2034"]
[BlackElo "2219"]
[WhiteTeam "Johannesburg Koeksisters"]
[BlackTeam "Belgrade Sparrows"]
[WhiteFideId "14302250"]
[BlackFideId "919152"]
[EventDate "2017.01.11"]

1. e4 c5 2. b4 cxb4 3. a3 d5 4. exd5 Qxd5 5. Nf3 e5 6. axb4 Bxb4 7. c3 Be7 8.
Na3 Nc6 9. Nb5 Qd8 10. d4 e4 11. d5 exf3 12. dxc6 bxc6 13. Qxf3 Bd7 14. Nd4 Bc5
15. Nxc6 Qf6 16. Qe4+ Kf8 17. Ne5 Qxf2+ 18. Kd1 Rd8 19. Bd3 Nf6 20. Qc4 Be6 21.
Qxc5+ Qxc5 22. Ba3 Qxa3 23. Rxa3 Ng4 24. Nxg4 Rxd3+ 25. Ke2 Rd7 26. Ne5 Rd5 27.
Nc6 Rc5 28. Nd4 Bc4+ 29. Kd2 a6 30. Rb1 g6 31. Ra4 Kg7 32. Rbb4 Rhc8 33. Rb7 Kf6
34. Rab4 R8c7 35. R4b6+ Kg5 36. Nf3+ Kh5 37. Rb8 Rd5+ 38. Nd4 Re7 39. Kc2 Bf1
40. g3 Kg4 41. Rh8 h5 42. Rf6 Bc4 43. Rf4+ Kh3 44. Rh4+ Kg2 45. Rc8 Bf1 46. Rc6
Ra5 47. Kb3 Rb7+ 48. Kc2 Ra2+ 49. Kc1 Bd3 50. Nc2 Rxc2+ 0-1

[Event "PRO League Eastern 2017"]
[Site "chess.com INT"]
[Date "2017.01.25"]
[Round "3"]
[White "Meskovs, Nikita"]
[Black "Shaposhnikov, Evgeny"]
[Result "1/2-1/2"]
[WhiteTitle "IM"]
[BlackTitle "GM"]
[WhiteElo "2490"]
[BlackElo "2557"]
[WhiteTeam "Riga Magicians"]
[BlackTeam "Gorky Stormbringers"]
[WhiteFideId "11602740"]
[BlackFideId "4122232"]
[EventDate "2017.01.11"]

1. c4 c5 2. Nf3 Nc6 3. d4 cxd4 4. Nxd4 g6 5. e4 Bg7 6. Be3 Nf6 7. Nc3 O-O 8. Be2
b6 9. O-O Bb7 10. f3 e6 11. Nxc6 Bxc6 12. Qd2 d5 13. cxd5 exd5 14. e5 Ne8 15. f4
f6 16. Bd4 fxe5 17. fxe5 Nc7 18. Rxf8+ Qxf8 19. Bg4 Re8 20. Re1 Ne6 21. Bxe6+
Rxe6 22. a3 Bh6 23. Qd3 Qe8 24. Kh1 Qd7 25. Qh3 Bg7 26. Qg3 Re8 27. h4 Qe6 28.
Re3 Rf8 29. Rf3 Re8 30. Re3 Rf8 31. Kg1 Rf5 32. Ne2 Bh6 33. Rf3 Rxf3 34. Qxf3
Qf7 35. Kf2 Qxf3+ 36. Kxf3 Kf7 37. g4 Bd2 38. Kf2 Bd7 39. Kf3 Bb5 40. Nf4 Bxf4
41. Kxf4 h5 42. gxh5 gxh5 43. Kf5 Bd7+ 44. Kg5 Bg4 45. b4 Bd1 46. Kf5 Bc2+ 47.
Kg5 Bd1 48. Kf5 1/2-1/2

[Event "PRO League Eastern 2017"]
[Site "chess.com INT"]
[Date "2017.01.25"]
[Round "3"]
[White "Meskovs, Nikita"]
[Black "Yatzenko, Anton"]
[Result "0-1"]
[WhiteTitle "IM"]
[WhiteElo "2490"]
[BlackElo "2361"]
[WhiteTeam "Riga Magicians"]
[BlackTeam "Gorky Stormbringers"]
[WhiteFideId "11602740"]
[BlackFideId "4157826"]
[EventDate "2017.01.11"]

1. c4 c6 2. Nf3 d5 3. e3 Nf6 4. b3 e6 5. Bb2 Nbd7 6. Nc3 Be7 7. d4 b6 8. Bd3 Bb7
9. O-O O-O 10. e4 dxe4 11. Nxe4 c5 12. Re1 cxd4 13. Bxd4 Nc5 14. Bxc5 Bxc5 15.
Nxc5 bxc5 16. Qe2 Qc7 17. Ne5 Rad8 18. Qe3 Rd4 19. Rad1 Rfd8 20. f3 Be4 21. f4
Qa5 22. Re2 Ng4 23. Nxg4 Bxd3 24. Red2 Bxc4 25. Rxd4 cxd4 26. Qe5 Bd5 27. Qg5
Kf8 28. Qh4 Be4 29. Ne5 f6 30. Nc4 Qxa2 31. Qg3 Bc2 32. Qf2 Bxb3 33. Qxa2 Bxa2
34. Nd2 Bd5 35. Ra1 Rd7 36. Kf2 Kf7 37. Ra6 e5 38. fxe5 fxe5 39. Ra4 Ke6 40. g3
Rb7 41. Ra6+ Kf5 42. Ra5 Rd7 43. Ra4 Kg4 44. Ke2 Kh3 45. Kf2 Kxh2 46. Ra3 e4 47.
Nf1+ Kh3 48. g4+ e3+ 49. Ke1 Rc7 0-1

[Event "PRO League Eastern 2017"]
[Site "chess.com INT"]
[Date "2017.01.25"]
[Round "3"]
[White "Nilsen, Joachim Birger"]
[Black "Bagi, Mate"]
[Result "1/2-1/2"]
[WhiteTitle "FM"]
[BlackTitle "IM"]
[WhiteElo "2433"]
[BlackElo "2443"]
[WhiteTeam "Norway Gnomes"]
[BlackTeam "Budapest Gambit"]
[WhiteFideId "1506331"]
[BlackFideId "742570"]
[EventDate "2017.01.11"]

1. d4 Nf6 2. Bf4 g6 3. e3 Bg7 4. Nf3 d6 5. h3 O-O 6. Be2 b6 7. O-O Bb7 8. Bh2 c5
9. c3 Nbd7 10. a4 a6 11. Nbd2 Ne4 12. Nxe4 Bxe4 13. Qb3 Qc7 14. Ng5 Bb7 15. Bc4
e6 16. Bxe6 fxe6 17. Qxe6+ Kh8 18. Bxd6 Qc6 19. e4 Rf6 20. d5 Qc8 21. Nf7+ Kg8
22. Nh6+ Kh8 23. Nf7+ Kg8 24. Nh6+ 1/2-1/2

[Event "PRO League Eastern 2017"]
[Site "chess.com INT"]
[Date "2017.01.25"]
[Round "3"]
[White "Nilsen, Joachim Birger"]
[Black "Nagy, Gabor1"]
[Result "1-0"]
[WhiteTitle "FM"]
[BlackTitle "IM"]
[WhiteElo "2433"]
[BlackElo "2433"]
[WhiteTeam "Norway Gnomes"]
[BlackTeam "Budapest Gambit"]
[WhiteFideId "1506331"]
[BlackFideId "737119"]
[EventDate "2017.01.11"]

1. Nf3 c5 2. e4 e6 3. g3 Nc6 4. Qe2 e5 5. Bg2 g6 6. O-O Bg7 7. Na3 Nge7 8. Nc4
d6 9. c3 O-O 10. a4 h6 11. d3 Rb8 12. Ne3 Kh7 13. Nh4 Bf6 14. f4 exf4 15. Rxf4
Bg7 16. Rf2 Be6 17. Nef5 Bxf5 18. exf5 Re8 19. Qf1 gxf5 20. Nxf5 Nxf5 21. Rxf5
Ne5 22. Bf4 f6 23. Bd5 Qd7 24. Rh5 Qg4 25. Be4+ Kh8 26. Rh4 Qe6 27. Bxh6 d5 28.
Bxg7+ Kxg7 29. Bf5 Qd6 30. Rh7+ Kg8 31. Qh3 Nf3+ 32. Kf2 Ng5 33. Rh8+ Kf7 34.
Qh5+ Ke7 35. Re1+ Ne4+ 36. Bxe4 Rxh8 37. Bf5+ Kd8 38. Qxh8+ Kc7 39. Qg7+ Kb6 40.
Re6 Ka5 41. Rxd6 1-0

[Event "PRO League Eastern 2017"]
[Site "chess.com INT"]
[Date "2017.01.25"]
[Round "3"]
[White "Kulkarni, Vikramaditya"]
[Black "Yakhiyayev, Abdikhadir"]
[Result "0-1"]
[WhiteTitle "IM"]
[WhiteElo "2285"]
[BlackElo "2048"]
[WhiteTeam "Mumbai Movers"]
[BlackTeam "Shymkent Nomads"]
[WhiteFideId "5009847"]
[BlackFideId "13711113"]
[EventDate "2017.01.11"]

1. Nf3 Nf6 2. g3 g6 3. Bg2 Bg7 4. O-O O-O 5. d4 d6 6. Re1 Nbd7 7. e4 e5 8. Nc3
exd4 9. Nxd4 Re8 10. h3 h6 11. Bf4 Nc5 12. Nb3 Ne6 13. Be3 a6 14. Qd4 Ng4 15.
Qd3 Nxe3 16. Rxe3 Bd7 17. Rd1 Bc6 18. Nd5 a5 19. c3 a4 20. Nd2 Nc5 21. Qe2 Bxd5
22. exd5 a3 23. b4 Na4 24. Nb1 Rxe3 25. Qxe3 Qf6 26. Rc1 Qe5 27. Qxe5 Bxe5 28.
Bf1 Nb6 29. Rd1 Na4 30. c4 Nc3 31. Nxc3 Bxc3 32. b5 Ra4 33. Rc1 Bd4 34. Rc2 Rb4
35. Kg2 f5 36. Bd3 Kg7 37. g4 fxg4 38. hxg4 Kf6 39. f4 g5 40. Kf3 gxf4 41. Rh2
Kg7 42. g5 hxg5 43. Rh7+ Kf6 44. Rxc7 b6 45. Ke4 Bc5 46. Be2 Rb1 47. Bh5 Re1+
48. Kf3 Re3+ 49. Kg2 Rg3+ 50. Kf1 g4 51. Be8 f3 52. Rf7+ Ke5 53. Ke1 Rg1+ 54.
Kd2 f2 55. Re7+ Kd4 56. Bg6 Bb4+ 57. Kc2 f1=Q 58. Re4+ Kc5 0-1

[Event "PRO League Eastern 2017"]
[Site "chess.com INT"]
[Date "2017.01.25"]
[Round "3"]
[White "Hauge, Lars Oskar"]
[Black "Mihok, Oliver"]
[Result "0-1"]
[WhiteTitle "IM"]
[BlackTitle "GM"]
[WhiteElo "2431"]
[BlackElo "2505"]
[WhiteTeam "Norway Gnomes"]
[BlackTeam "Budapest Gambit"]
[WhiteFideId "1509276"]
[BlackFideId "728012"]
[EventDate "2017.01.11"]

1. d4 d5 2. Bf4 c5 3. e3 cxd4 4. exd4 Nc6 5. Nc3 a6 6. Nf3 Bg4 7. Be2 e6 8. O-O
Bd6 9. Ne5 Bxe2 10. Nxe2 Nxe5 11. dxe5 Bc5 12. Nd4 Bxd4 13. Qxd4 Ne7 14. Bg5 Nf5
15. Bxd8 Nxd4 16. Bb6 Nxc2 17. Rac1 Rc8 18. Rfd1 Kd7 19. Kf1 Rc6 20. Ba5 Rhc8
21. Bc3 Na3 22. Ke2 Nb5 23. Kd3 Rc4 24. f3 Nxc3 25. bxc3 Ra4 26. Rc2 b5 27. Rb1
Rcc4 28. Rbc1 Ra3 29. Kd2 Rca4 30. Ra1 Rh4 31. h3 Rha4 32. Kc1 a5 33. Kb2 b4 34.
cxb4 axb4 35. Rc5 b3 36. Rac1 Rxa2+ 37. Kxb3 Ra7 38. Rc8 Rxg2 39. Rf8 Ke7 40.
Rcc8 f6 41. Rce8+ Kd7 42. Rd8+ Kc6 43. Rd6+ Kc5 44. Rc8+ Kd4 45. exf6 Rb7+ 46.
Ka3 gxf6 47. Rxe6 Ra7+ 48. Kb3 Raa2 49. Re4+ dxe4 50. Rc4+ Ke3 51. fxe4 0-1

[Event "PRO League Eastern 2017"]
[Site "chess.com INT"]
[Date "2017.01.25"]
[Round "3"]
[White "Hauge, Lars Oskar"]
[Black "Vertetics, Attila"]
[Result "0-1"]
[WhiteTitle "IM"]
[BlackTitle "IM"]
[WhiteElo "2431"]
[BlackElo "2416"]
[WhiteTeam "Norway Gnomes"]
[BlackTeam "Budapest Gambit"]
[WhiteFideId "1509276"]
[BlackFideId "723720"]
[EventDate "2017.01.11"]

1. e4 c6 2. d4 g6 3. Nf3 Bg7 4. Nc3 d5 5. h3 Nf6 6. e5 Ne4 7. Bd3 Nxc3 8. bxc3
c5 9. O-O Nc6 10. Re1 O-O 11. a4 c4 12. Bf1 f6 13. Bf4 Bf5 14. Bh2 Qd7 15. g4
Be6 16. Bg2 Bh6 17. Qe2 Rfe8 18. Nh4 Bg5 19. Bg3 Nd8 20. f4 Bxh4 21. Bxh4 f5 22.
Bf3 Rf8 23. Bg3 Rc8 24. Kg2 Rc6 25. Rh1 Ra6 26. g5 Rxa4 27. Rac1 Ra3 28. Be1 Bf7
29. h4 Ne6 30. Qe3 Ng7 31. Bd2 Rc8 32. Rb1 Ra2 33. Bd1 Rc6 34. Be1 Rca6 35. Qc1
b6 36. Bd2 Qa4 37. Kf2 e6 38. Ke3 Be8 39. Rb4 Qa3 40. Qxa3 R6xa3 41. Be1 Ra1 42.
Kd2 R3a2 43. Bf2 Kf8 44. Rb2 Rxb2 0-1

[Event "PRO League Eastern 2017"]
[Site "chess.com INT"]
[Date "2017.01.25"]
[Round "3"]
[White "Abhishek, Kelkar"]
[Black "Balabaev, Timur"]
[Result "0-1"]
[WhiteTitle "IM"]
[BlackTitle "IM"]
[WhiteElo "2381"]
[BlackElo "2393"]
[WhiteTeam "Mumbai Movers"]
[BlackTeam "Shymkent Nomads"]
[WhiteFideId "5019257"]
[BlackFideId "13700847"]
[EventDate "2017.01.11"]

1. d4 Nf6 2. c4 d6 3. Nc3 e5 4. Nf3 Nc6 5. d5 Ne7 6. g3 g6 7. Bg2 Bg7 8. O-O O-O
9. Nd2 Ne8 10. Rb1 f5 11. b4 e4 12. Bb2 Nf6 13. e3 c6 14. Nb3 cxd5 15. cxd5 Bd7
16. Qd2 Rc8 17. a3 Ng4 18. Nd4 Ne5 19. Ba1 Nc4 20. Qa2 Bxd4 21. exd4 b5 22. Rfe1
Qc7 23. Rbc1 Qb7 24. f3 e3 25. f4 Rfe8 26. Bf3 Kg7 27. Qg2 Ng8 28. h3 Qb6 29.
Ne2 Nxa3 30. Rc6 Bxc6 31. dxc6 Nc2 32. d5+ Nf6 33. Qf1 Nxa1 34. Rxa1 Rc7 35. Qc1
Kf7 36. Kg2 Ne4 37. g4 Nd2 38. Qc2 Kg8 39. gxf5 gxf5 40. Qxf5 Rf7 41. Qh5 Ref8
42. Bg4 Rg7 43. Kh2 Ne4 44. Rg1 Qc7 45. Qh6 Nf6 46. Be6+ Kh8 47. Nd4 Ne4 48.
Qxg7+ Qxg7 49. Rxg7 Kxg7 50. c7 Nc3 51. Kg3 e2 52. Nf3 Kf6 53. Kf2 Na2 54. c8=Q
Rxc8 55. Bxc8 Nxb4 56. Be6 Nd3+ 57. Kxe2 Nxf4+ 58. Ke3 Nxe6 59. dxe6 Kxe6 0-1

[Event "PRO League Eastern 2017"]
[Site "chess.com INT"]
[Date "2017.01.25"]
[Round "3"]
[White "Getz, Nicolai"]
[Black "Mihok, Oliver"]
[Result "0-1"]
[WhiteTitle "IM"]
[BlackTitle "GM"]
[WhiteElo "2420"]
[BlackElo "2505"]
[WhiteTeam "Norway Gnomes"]
[BlackTeam "Budapest Gambit"]
[WhiteFideId "1505572"]
[BlackFideId "728012"]
[EventDate "2017.01.11"]

1. e4 c5 2. Nf3 e6 3. d4 cxd4 4. Nxd4 Nc6 5. Nc3 Qc7 6. Be3 a6 7. Qd2 Nf6 8.
O-O-O Be7 9. f3 b5 10. Kb1 Ne5 11. f4 b4 12. fxe5 bxc3 13. Qxc3 Qxc3 14. bxc3
Nxe4 15. Kb2 Bb7 16. Nb3 Rc8 17. c4 f6 18. exf6 Bxf6+ 19. Ka3 Ke7 20. Rg1 a5 21.
Bd3 a4 22. Nd4 Nd6 23. Kb4 a3 24. c5 Ne4 25. c6 Bxc6 26. Nxc6+ Rxc6 27. Bb5 Rb8
28. c4 d5 29. Kxa3 Rc7 30. Bf4 Ra8+ 31. Kb4 Rb7 32. a4 Nc3 33. Rd3 Rxa4+ 34. Kc5
Nxb5 35. Kc6 Rxc4+ 36. Kxb7 Rxf4 37. Rb1 Nd6+ 38. Kc6 Rc4+ 39. Kb6 Kd7 40. Ka5
Bc3+ 41. Ka6 Ra4+ 42. Kb6 Bd4+ 0-1

[Event "PRO League Eastern 2017"]
[Site "chess.com INT"]
[Date "2017.01.25"]
[Round "3"]
[White "Getz, Nicolai"]
[Black "Vertetics, Attila"]
[Result "0-1"]
[WhiteTitle "IM"]
[BlackTitle "IM"]
[WhiteElo "2420"]
[BlackElo "2416"]
[WhiteTeam "Norway Gnomes"]
[BlackTeam "Budapest Gambit"]
[WhiteFideId "1505572"]
[BlackFideId "723720"]
[EventDate "2017.01.11"]

1. e4 c6 2. d4 d5 3. Nc3 g6 4. e5 Bg7 5. f4 Nh6 6. Nf3 f6 7. Be2 O-O 8. O-O Bg4
9. Ne1 Bxe2 10. Nxe2 Qb6 11. Nd3 Nd7 12. e6 Nb8 13. c3 Na6 14. Ng3 f5 15. Qe2
Qc7 16. Ne5 Nb8 17. Nh1 Qc8 18. Nf3 Ng4 19. Nf2 Nf6 20. Ng5 Na6 21. g4 fxg4 22.
Nxg4 Nxg4 23. Qxg4 Rf5 24. Re1 Nc7 25. Bd2 Bf6 26. Re2 Qf8 27. Rae1 Bxg5 28.
fxg5 Ne8 29. Qg2 Nd6 30. Re5 Ne4 31. Rxf5 Qxf5 32. Bc1 Qxe6 33. h3 Rf8 34. Rf1
Rf5 35. Rxf5 Qxf5 36. h4 Kf7 37. Be3 Nd6 38. Kh2 Qe4 39. Qxe4 Nxe4 40. Kg2 Ke6
41. Kf3 Kf5 42. Bc1 Nd6 43. Be3 Nc4 44. Bc1 e5 45. dxe5 Nxe5+ 46. Kg3 Nd3 47.
Be3 Nxb2 48. Bxa7 Ke4 49. Bb8 Na4 0-1